000
00395nam a22001337a 4500
003
SGT
020
_a
9789350488706
082
_a
954
_b
K16P
100
_a
पोखरियाल , रमेश
245
_a
केदारनाथ आपदा की सच्ची कहानियाँ
260
_b
प्रभात प्रकाशन
_c
2016
300
_a
144
942
_2
ddc
_c
BK
999
_c
28673
_d
28673